[Event "1. Wolfgang-Schoebel-Gedenkturnier"]
[Site "Schoeneck"]
[Date "2017.12.27"]
[Round "1"]
[White "Casagrande, Thomas"]
[Black "Penzel, Nils"]
[Result "1-0"]
[WhiteElo "1951"]
[BlackElo "2146"]
[PlyCount "51"]
[EventDate "2017.12.27"]
[EventType "swiss"]
[EventRounds "7"]
[EventCountry "GER"]

1. e4 e6 2. d4 d5 3. Nd2 Nc6 4. c3 e5 5. dxe5 Nxe5 6. Ngf3 Qe7 7. Be2 Nf6 8.
O-O dxe4 9. Nxe4 Nxe4 10. Qa4+ Nd7 11. Re1 Nec5 12. Qc4 Nb6 13. Qxc5 Be6 14.
Qd4 Qc5 15. Bg5 h6 16. Bh4 Rg8 17. b4 Qxd4 18. Nxd4 g5 19. Nxe6 fxe6 20. Bh5+
Ke7 21. Bg3 Nd5 22. Bg4 Rg6 23. Be5 c6 24. Rad1 Rd8 25. Bd4 b6 26. Bf5 1-0

[Event "1. Wolfgang-Schoebel-Gedenkturnier"]
[Site "Schoeneck"]
[Date "2017.12.27"]
[Round "1"]
[White "Damljanovic, Sreten"]
[Black "Penzel, Frank"]
[Result "0-1"]
[WhiteElo "1533"]
[BlackElo "2107"]
[PlyCount "76"]
[EventDate "2017.12.27"]
[EventType "swiss"]
[EventRounds "7"]
[EventCountry "GER"]

1. e4 e5 2. Nf3 Nc6 3. Bb5 a6 4. Ba4 Bc5 5. c3 b5 6. Bc2 d5 7. h3 Nf6 8. d3
dxe4 9. dxe4 Qxd1+ 10. Kxd1 Bxf2 11. Ke2 Bc5 12. b4 Bd6 13. Be3 a5 14. Bc5 axb4
15. Bxd6 cxd6 16. a3 Be6 17. cxb4 Nxb4 18. Bd3 Nxd3 19. Kxd3 Bc4+ 20. Ke3 O-O
21. Nbd2 Ra4 22. Rhc1 Rfa8 23. Nxc4 bxc4 24. Rc3 d5 25. Nxe5 Nxe4 26. Rcc1
Rxa3+ 27. Rxa3 Rxa3+ 28. Kf4 Nc5 29. Rd1 Nd3+ 30. Nxd3 Rxd3 31. Rxd3 cxd3 32.
Ke3 Kf8 33. Kxd3 Ke7 34. Kd4 Kd6 35. g4 f6 36. h4 g6 37. h5 Ke6 38. hxg6 hxg6
0-1

[Event "1. Wolfgang-Schoebel-Gedenkturnier"]
[Site "Schoeneck"]
[Date "2017.12.27"]
[Round "1"]
[White "Dolzhykova, Kateryna"]
[Black "Ochs, Daniel Elias"]
[Result "1/2-1/2"]
[WhiteElo "2238"]
[BlackElo "1614"]
[PlyCount "159"]
[EventDate "2017.12.27"]
[EventType "swiss"]
[EventRounds "7"]
[EventCountry "GER"]

1. e4 c5 2. Nf3 e6 3. g3 d6 4. Bg2 Nc6 5. O-O Nf6 6. Re1 Be7 7. c3 O-O 8. d4
cxd4 9. Nxd4 Nxd4 10. Qxd4 Qc7 11. Na3 Bd7 12. Bg5 Bc6 13. b4 h6 14. Bd2 b6 15.
c4 Nd7 16. Bc3 Bf6 17. Qd2 Bxc3 18. Qxc3 a5 19. Nc2 Rfc8 20. Nd4 axb4 21. Qxb4
e5 22. Nxc6 Qxc6 23. Red1 Nc5 24. Rab1 Rcb8 25. Qd2 Rd8 26. f4 Nxe4 27. Qe3 f5
28. g4 Rxa2 29. Rxb6 Qa8 30. Bxe4 fxe4 31. c5 Qa4 32. Qb3+ Qxb3 33. Rxb3 exf4
34. cxd6 Ra6 35. Rd4 Raxd6 36. Rxe4 g5 37. Re7 Rd1+ 38. Kg2 R8d2+ 39. Kh3 Rd3+
40. Rxd3 Rxd3+ 41. Kg2 Rd6 42. Rb7 Rf6 43. Kf3 Rf7 44. Rb5 Kg7 45. h4 Kg6 46.
Rb6+ Rf6 47. h5+ Kg7 48. Rb7+ Rf7 49. Rb3 Re7 50. Ra3 Kf7 51. Kf2 Rb7 52. Kf3
Re7 53. Kf2 Kf6 54. Ra6+ Kg7 55. Ra3 Kf6 56. Ra6+ Re6 57. Ra7 Ke5 58. Kf3 Kd4
59. Rd7+ Ke5 60. Ra7 Kf6 61. Kf2 Rb6 62. Ra3 Rb2+ 63. Kf3 Rb6 64. Kf2 Re6 65.
Ra7 Re7 66. Ra6+ Re6 67. Ra7 Rd6 68. Ra3 Ke5 69. Ra5+ Ke4 70. Ra4+ Kd5 71. Kf3
Ke5 72. Ra5+ Kd4 73. Ra4+ Ke5 74. Ra5+ Kf6 75. Ra3 Re6 76. Kf2 Re3 77. Ra6+ Re6
78. Ra3 Re3 79. Ra6+ Re6 80. Ra3 1/2-1/2

[Event "1. Wolfgang-Schoebel-Gedenkturnier"]
[Site "Schoeneck"]
[Date "2017.12.27"]
[Round "1"]
[White "Engel, Berthold"]
[Black "Jung, Kenny"]
[Result "1-0"]
[WhiteElo "2149"]
[BlackElo "1462"]
[PlyCount "81"]
[EventDate "2017.12.27"]
[EventType "swiss"]
[EventRounds "7"]
[EventCountry "GER"]

1. c4 c6 2. b3 Nf6 3. Bb2 g6 4. Bxf6 exf6 5. Nc3 Bg7 6. e3 f5 7. Nge2 b6 8. g3
Bb7 9. Bg2 O-O 10. O-O Qe7 11. d4 d6 12. b4 a6 13. d5 c5 14. bxc5 bxc5 15. Rb1
a5 16. Nb5 Ba6 17. Qd2 Bxb5 18. Rxb5 Qc7 19. Rfb1 Ra7 20. Rb6 Na6 21. Rc6 Qd7
22. Rb5 Rfa8 23. a3 Nc7 24. Rbb6 Bf8 25. Nc3 Ra6 26. e4 Rxb6 27. Rxb6 fxe4 28.
Nxe4 Be7 29. Qb2 Qd8 30. Rb7 f5 31. Nd2 Na6 32. Qb5 Nb8 33. Nf3 Kf8 34. h4 h6
35. Qb3 Nd7 36. Qe3 h5 37. Qh6+ Kf7 38. Ng5+ Bxg5 39. hxg5 Qe8 40. Qh7+ Kf8 41.
Rxd7 1-0

[Event "1. Wolfgang-Schoebel-Gedenkturnier"]
[Site "Schoeneck"]
[Date "2017.12.27"]
[Round "1"]
[White "Eull, Emil"]
[Black "Grzeschniok, Anton"]
[Result "0-1"]
[WhiteElo "1167"]
[BlackElo "1876"]
[PlyCount "116"]
[EventDate "2017.12.27"]
[EventType "swiss"]
[EventRounds "7"]
[EventCountry "GER"]

1. e4 c5 2. Nf3 Nc6 3. d4 cxd4 4. Nxd4 g6 5. Nc3 Bg7 6. Be3 Nf6 7. Be2 O-O 8.
O-O a6 9. a4 d6 10. Qd2 Bd7 11. f3 Rc8 12. Kh1 Ne5 13. Bh6 Nc4 14. Bxc4 Rxc4
15. Bxg7 Kxg7 16. Qd3 Qc7 17. Rfe1 Rc8 18. Re3 Nh5 19. g3 Kg8 20. Nd5 Qd8 21.
b3 R4c5 22. Rc1 e6 23. Nb4 Qb6 24. Na2 e5 25. Ne2 Rxc2 26. Rxc2 Rxc2 27. Qxc2
Qxe3 28. Ng1 Be6 29. b4 Nf6 30. Nc3 d5 31. exd5 Nxd5 32. Nxd5 Bxd5 33. Kg2 Qb3
34. Qxb3 Bxb3 35. a5 Kf8 36. Nh3 f6 37. Nf2 Bc2 38. Nh3 Ke7 39. Ng1 Bd3 40. Kf2
Kd6 41. Ke3 Bb5 42. f4 exf4+ 43. gxf4 Kd5 44. Nf3 Kc4 45. Nd4 Kxb4 46. Ne6 h6
47. Ke4 Kxa5 48. Kd5 Kb4 49. Nc7 Bc4+ 50. Kd6 a5 51. Ke7 f5 52. Kf6 a4 53. Kxg6
a3 54. Kxf5 a2 55. Kg6 a1=Q 56. f5 Qg1+ 57. Kxh6 Qxh2+ 58. Kg7 Qxc7+ 0-1

[Event "1. Wolfgang-Schoebel-Gedenkturnier"]
[Site "Schoeneck"]
[Date "2017.12.27"]
[Round "1"]
[White "Everett, Elijah"]
[Black "Pomrehn, Ole Magnus"]
[Result "1/2-1/2"]
[WhiteElo "2189"]
[BlackElo "1535"]
[PlyCount "77"]
[EventDate "2017.12.27"]
[EventType "swiss"]
[EventRounds "7"]
[EventCountry "GER"]

1. e4 d5 2. exd5 Qxd5 3. Nc3 Qa5 4. d4 c6 5. Nf3 Bg4 6. Bc4 Nf6 7. Bd2 Qc7 8.
Qe2 e6 9. h3 Bh5 10. g4 Bg6 11. Ne5 Nbd7 12. h4 Nxe5 13. dxe5 Nd5 14. h5 Bxc2
15. Bxd5 exd5 16. Rc1 d4 17. Rxc2 dxc3 18. Bxc3 Qe7 19. O-O Qe6 20. b4 g6 21.
hxg6 hxg6 22. Rd2 g5 23. Rfd1 Qh6 24. Qf3 Qh2+ 25. Kf1 Qh1+ 26. Qxh1 Rxh1+ 27.
Kg2 Rxd1 28. Rxd1 Rd8 29. Rxd8+ Kxd8 30. Kf3 Kd7 31. Bd2 Be7 32. Be3 a6 33. Bc5
Bd8 34. Ke4 Ke6 35. Bd6 Bb6 36. f3 Bd8 37. Bc5 Bc7 38. Be3 Bd8 39. Bc5 1/2-1/2

[Event "1. Wolfgang-Schoebel-Gedenkturnier"]
[Site "Schoeneck"]
[Date "2017.12.27"]
[Round "1"]
[White "Froehlich Dill, Astrid"]
[Black "Nazarenus, Moritz"]
[Result "0-1"]
[WhiteElo "1817"]
[BlackElo "2261"]
[PlyCount "66"]
[EventDate "2017.12.27"]
[EventType "swiss"]
[EventRounds "7"]
[EventCountry "GER"]

1. d4 d5 2. Nf3 Nf6 3. c4 e6 4. Nc3 c6 5. e3 Nbd7 6. Qc2 Bd6 7. Bd2 O-O 8. cxd5
exd5 9. Bd3 Re8 10. O-O Nf8 11. h3 Qe7 12. Rae1 Ne4 13. a3 Ng6 14. b4 Qf6 15.
Qd1 Nh4 16. Bxe4 dxe4 17. Nxh4 Qxh4 18. f4 Bxh3 19. Nxe4 Bg4 20. Nxd6 Bxd1 21.
Nxe8 Bc2 22. Nd6 Qe7 23. Nc4 Bd3 24. Rc1 Qe6 25. Na5 Bxf1 26. Kxf1 Qa2 27. Ke1
Rb8 28. Rc3 h5 29. e4 Qb1+ 30. Kf2 Qxe4 31. Be3 Qb1 32. Rb3 Qc2+ 33. Kf3 b6 0-1

[Event "1. Wolfgang-Schoebel-Gedenkturnier"]
[Site "Schoeneck"]
[Date "2017.12.27"]
[Round "1"]
[White "Hankel, Dennis"]
[Black "Rabiya, Karim"]
[Result "1-0"]
[WhiteElo "2128"]
[BlackElo "1890"]
[PlyCount "47"]
[EventDate "2017.12.27"]
[EventType "swiss"]
[EventRounds "7"]
[EventCountry "GER"]

1. e4 Nf6 2. e5 Nd5 3. d4 d6 4. c4 Nb6 5. exd6 exd6 6. Nc3 Nc6 7. Be2 Be7 8.
Nf3 O-O 9. Be3 Re8 10. Rc1 Bg4 11. Nd5 Nxd5 12. cxd5 Nb4 13. Qb3 c5 14. dxc6
Nxc6 15. O-O Qd7 16. h3 Bf5 17. d5 Ne5 18. Nxe5 dxe5 19. Bb5 Qd6 20. Bxe8 Rxe8
21. Bc5 Qg6 22. Bxe7 Rxe7 23. Rfd1 Rd7 24. Rc8+ 1-0

[Event "1. Wolfgang-Schoebel-Gedenkturnier"]
[Site "Schoeneck"]
[Date "2017.12.27"]
[Round "1"]
[White "Kirchner, Stefan"]
[Black "Meyer, Kai Christian"]
[Result "0-1"]
[WhiteElo "1533"]
[BlackElo "2153"]
[PlyCount "58"]
[EventDate "2017.12.27"]
[EventType "swiss"]
[EventRounds "7"]
[EventCountry "GER"]

1. e4 c6 2. d4 d5 3. exd5 cxd5 4. c4 Nf6 5. Nc3 e6 6. Nf3 Bb4 7. Qa4+ Nc6 8.
Ne5 Qa5 9. Qxa5 Bxa5 10. Be3 O-O 11. Be2 Nxe5 12. dxe5 Ne4 13. Bd4 dxc4 14.
Bxc4 b6 15. a3 Nxc3 16. bxc3 Bb7 17. O-O Rac8 18. Be2 Bxc3 19. Bxc3 Rxc3 20.
Rfd1 Bd5 21. Ba6 Rc5 22. Rdc1 Ra5 23. Bc8 g5 24. Rc3 Rc5 25. Rxc5 bxc5 26. Ba6
Rb8 27. Rc1 c4 28. Kf1 Rb6 29. Bxc4 Rc6 0-1

[Event "1. Wolfgang-Schoebel-Gedenkturnier"]
[Site "Schoeneck"]
[Date "2017.12.27"]
[Round "1"]
[White "Poetsch, Gero"]
[Black "Althaus, Lennart"]
[Result "1-0"]
[WhiteElo "1928"]
[BlackElo "1247"]
[PlyCount "51"]
[EventDate "2017.12.27"]
[EventType "swiss"]
[EventRounds "7"]
[EventCountry "GER"]

1. e4 c5 2. Nf3 d6 3. Bb5+ Nd7 4. c4 Ngf6 5. Nc3 a6 6. Bxd7+ Bxd7 7. d4 cxd4 8.
Nxd4 Rc8 9. Qe2 g6 10. O-O Bg7 11. Bg5 Qb6 12. Rfd1 Bg4 13. f3 Be6 14. b3 O-O
15. Be3 Qb4 16. Rac1 b5 17. a3 Qa5 18. Nxe6 fxe6 19. Nb1 Rb8 20. c5 Rfc8 21. b4
Qd8 22. e5 Ne8 23. exd6 exd6 24. cxd6 Rxc1 25. Bxc1 Nxd6 26. Qxe6+ 1-0

[Event "1. Wolfgang-Schoebel-Gedenkturnier"]
[Site "Schoeneck"]
[Date "2017.12.27"]
[Round "1"]
[White "Poetsch, Hagen"]
[Black "Becker, Peter"]
[Result "1-0"]
[WhiteElo "2485"]
[BlackElo "1851"]
[PlyCount "39"]
[EventDate "2017.12.27"]
[EventType "swiss"]
[EventRounds "7"]
[EventCountry "GER"]

1. e4 c5 2. Nf3 Nc6 3. d4 cxd4 4. Nxd4 Qb6 5. Nb3 d6 6. Nc3 a6 7. Be3 Qd8 8.
Nd5 e6 9. Bb6 exd5 10. Bxd8 Kxd8 11. exd5 Nce7 12. Qd4 Nf6 13. Qb6+ Ke8 14. c4
Bd7 15. Qxb7 Rc8 16. Bd3 g6 17. O-O Bh6 18. Qb6 Bf4 19. g3 Be5 20. Rae1 1-0

[Event "1. Wolfgang-Schoebel-Gedenkturnier"]
[Site "Schoeneck"]
[Date "2017.12.28"]
[Round "2"]
[White "Althaus, Lennart"]
[Black "Kirchner, Stefan"]
[Result "0-1"]
[WhiteElo "1247"]
[BlackElo "1533"]
[PlyCount "82"]
[EventDate "2017.12.27"]
[EventType "swiss"]
[EventRounds "7"]
[EventCountry "GER"]

1. e4 d5 2. exd5 Qxd5 3. Nc3 Qa5 4. Nf3 Nf6 5. Be2 Bf5 6. O-O e6 7. d4 Nc6 8.
Bd2 O-O-O 9. Be3 Bb4 10. Nb5 Nd5 11. a3 Nxe3 12. axb4 Nxd1 13. bxa5 a6 14.
Rfxd1 axb5 15. c3 Bc2 16. Rd2 Ba4 17. b4 f6 18. Ra3 e5 19. d5 e4 20. dxc6 exf3
21. Rxd8+ Rxd8 22. Bxf3 bxc6 23. h3 Kb7 24. Ra1 Bb3 25. g3 Bd5 26. Rd1 Rd6 27.
Bxd5 cxd5 28. Kg2 c6 29. Rd3 Rd7 30. Kf3 h6 31. Ke2 Re7+ 32. Re3 Rd7 33. Kd3
Kc7 34. Kd4 Kd6 35. Re8 Ra7 36. Rd8+ Ke7 37. Rg8 Kd6 38. g4 Re7 39. Rd8+ Kc7
40. Ra8 Re4+ 41. Kc5 Rc4# 0-1

[Event "1. Wolfgang-Schoebel-Gedenkturnier"]
[Site "Schoeneck"]
[Date "2017.12.28"]
[Round "2"]
[White "Becker, Peter"]
[Black "Eull, Emil"]
[Result "1-0"]
[WhiteElo "1851"]
[BlackElo "1167"]
[PlyCount "49"]
[EventDate "2017.12.27"]
[EventType "swiss"]
[EventRounds "7"]
[EventCountry "GER"]

1. f4 d5 2. e3 c5 3. Nf3 e6 4. b3 Nf6 5. Bb2 g6 6. Bb5+ Bd7 7. Bxd7+ Nbxd7 8.
O-O Bg7 9. d3 O-O 10. Ne5 Rc8 11. c4 Nxe5 12. Bxe5 dxc4 13. bxc4 Nd7 14. Bxg7
Kxg7 15. Nc3 Nb6 16. a4 a5 17. Rb1 Qd6 18. Qc2 Rfd8 19. Rfd1 Rd7 20. Ne4 Qc6
21. Qb2+ Kf8 22. Qxb6 Qxa4 23. Nxc5 Rxc5 24. Qxc5+ Kg7 25. Qb5 1-0

[Event "1. Wolfgang-Schoebel-Gedenkturnier"]
[Site "Schoeneck"]
[Date "2017.12.28"]
[Round "2"]
[White "Dunsbach, Ralf"]
[Black "Poetsch, Gero"]
[Result "0-1"]
[WhiteElo "2206"]
[BlackElo "1928"]
[PlyCount "62"]
[EventDate "2017.12.27"]
[EventType "swiss"]
[EventRounds "7"]
[EventCountry "GER"]

1. c4 e5 2. g3 Nc6 3. Bg2 Bc5 4. Nc3 a6 5. e3 d6 6. Nge2 Nge7 7. O-O O-O 8. b3
Bg4 9. h3 Bh5 10. g4 Bg6 11. d4 Ba7 12. dxe5 dxe5 13. Ba3 Qe8 14. Nd5 Rd8 15.
Qc1 Bd3 16. Re1 f5 17. Qc3 Bxe2 18. Rxe2 f4 19. Nxe7+ Nxe7 20. Qxe5 Ng6 21.
Qxe8 Rfxe8 22. Bd5+ Kh8 23. Bxb7 fxe3 24. c5 exf2+ 25. Rxf2 a5 26. Raf1 Re5 27.
Rf5 Re2 28. R1f2 Re1+ 29. Kh2 c6 30. Bxc6 Bb8+ 31. Kg2 Nh4# 0-1

[Event "1. Wolfgang-Schoebel-Gedenkturnier"]
[Site "Schoeneck"]
[Date "2017.12.28"]
[Round "2"]
[White "Grzeschniok, Anton"]
[Black "Engel, Berthold"]
[Result "0-1"]
[WhiteElo "1876"]
[BlackElo "2149"]
[PlyCount "122"]
[EventDate "2017.12.27"]
[EventType "swiss"]
[EventRounds "7"]
[EventCountry "GER"]

1. e4 Nc6 2. Nf3 d6 3. d4 Bg4 4. Be3 Nf6 5. Nbd2 e6 6. Be2 Be7 7. O-O O-O 8.
Ng5 Bxe2 9. Qxe2 d5 10. exd5 Nxd5 11. Ngf3 Ncb4 12. c3 Nc2 13. Rad1 c6 14. Nc4
Ncxe3 15. Nxe3 Qb6 16. Nxd5 cxd5 17. Ne5 Rad8 18. Qc2 Qc7 19. Rfe1 g6 20. Re3
Bf6 21. Nd3 Bxd4 22. Re2 Bg7 23. Rde1 Qc4 24. Qb1 Rd6 25. Ne5 Qc7 26. Qc2 Rfd8
27. Qa4 a6 28. Qf4 Bxe5 29. Qxe5 Qc4 30. a3 d4 31. cxd4 Qxd4 32. Qxd4 Rxd4 33.
f3 Kf8 34. Rc1 Rd1+ 35. Rxd1 Rxd1+ 36. Kf2 Ke7 37. Rc2 Kd6 38. Ke3 e5 39. g4
Re1+ 40. Kf2 Rh1 41. Ke3 f5 42. gxf5 gxf5 43. Rd2+ Ke6 44. f4 e4 45. Rc2 Re1+
46. Kf2 Rb1 47. Ke3 h5 48. Rg2 Kf6 49. Rd2 Re1+ 50. Kf2 Rh1 51. Kg2 Rc1 52. Kh3
Rf1 53. Rd6+ Ke7 54. Rb6 e3 55. Rxb7+ Kd6 56. Rb6+ Kd5 57. Rxa6 e2 58. Ra5+ Kd4
59. Re5 e1=Q 60. Rxe1 Rxe1 61. Kh4 Ke4 0-1

[Event "1. Wolfgang-Schoebel-Gedenkturnier"]
[Site "Schoeneck"]
[Date "2017.12.28"]
[Round "2"]
[White "Jung, Kenny"]
[Black "Romero Flores, Antonio"]
[Result "0-1"]
[WhiteElo "1462"]
[BlackElo "1884"]
[PlyCount "72"]
[EventDate "2017.12.27"]
[EventType "swiss"]
[EventRounds "7"]
[EventCountry "GER"]

1. e4 c5 2. Nf3 Nc6 3. Bb5 g6 4. Bxc6 dxc6 5. c4 Bg4 6. h3 Bxf3 7. Qxf3 Qd4 8.
Qe2 Nf6 9. Nc3 Nd7 10. b3 Ne5 11. Qe3 Nd3+ 12. Ke2 O-O-O 13. Qxd4 Rxd4 14. f3
Bh6 15. Rd1 Rhd8 16. Ba3 b6 17. g3 Kb7 18. Rab1 Nb4 19. Rb2 Bg7 20. Bxb4 cxb4
21. Na4 Rd3 22. Rc2 R3d4 23. d3 Be5 24. f4 Bg7 25. Nb2 R4d7 26. h4 h5 27. Ke3
Bd4+ 28. Ke2 c5 29. Na4 Kc6 30. Rdc1 e5 31. Rd2 a6 32. Rcd1 f6 33. f5 gxf5 34.
exf5 Rg7 35. Kf3 Rdg8 36. Rg2 b5 0-1

[Event "1. Wolfgang-Schoebel-Gedenkturnier"]
[Site "Schoeneck"]
[Date "2017.12.28"]
[Round "2"]
[White "Meyer, Kai Christian"]
[Black "Casagrande, Thomas"]
[Result "1-0"]
[WhiteElo "2153"]
[BlackElo "1951"]
[PlyCount "81"]
[EventDate "2017.12.27"]
[EventType "swiss"]
[EventRounds "7"]
[EventCountry "GER"]

1. c4 Nf6 2. Nc3 c5 3. g3 e6 4. Nf3 d5 5. cxd5 exd5 6. d4 Nc6 7. Bg2 Be7 8. O-O
O-O 9. h3 c4 10. Ne5 Be6 11. f4 Qc8 12. Kh2 Rb8 13. g4 Bd6 14. g5 Ne4 15. Nxe4
Bxe5 16. fxe5 dxe4 17. Bf4 Qd7 18. e3 Nb4 19. Bxe4 Bxh3 20. Qh5 Bf5 21. e6 fxe6
22. Bxb8 Rxb8 23. Qf3 g6 24. Rad1 Nd5 25. Qg3 Rc8 26. Bg2 Bd3 27. Rf2 Qc7 28.
Bh3 Qxg3+ 29. Kxg3 Rc6 30. Re1 Be4 31. Bg2 Bxg2 32. Rxg2 h6 33. gxh6 Kh7 34.
Rh2 Rc7 35. e4 Nf6 36. Kf4 Rd7 37. Rd2 Kxh6 38. Ke5 Kg7 39. Kxe6 Rd8 40. e5
Re8+ 41. Kd6 1-0

[Event "1. Wolfgang-Schoebel-Gedenkturnier"]
[Site "Schoeneck"]
[Date "2017.12.28"]
[Round "2"]
[White "Nazarenus, Moritz"]
[Black "Hankel, Dennis"]
[Result "1/2-1/2"]
[WhiteElo "2261"]
[BlackElo "2128"]
[PlyCount "117"]
[EventDate "2017.12.27"]
[EventType "swiss"]
[EventRounds "7"]
[EventCountry "GER"]

1. d4 d5 2. c4 c6 3. Nf3 e6 4. e3 f5 5. Be2 Nf6 6. O-O Bd6 7. b3 Qe7 8. a4 a5
9. Ba3 Na6 10. Bxd6 Qxd6 11. c5 Qc7 12. Bxa6 Rxa6 13. Ne5 O-O 14. Nd2 b5 15. b4
Bd7 16. Nb3 axb4 17. axb5 Rxa1 18. Qxa1 cxb5 19. c6 Bc8 20. Qa5 Qxa5 21. Nxa5
Ne4 22. Rb1 f4 23. exf4 Rxf4 24. Nd3 Rf7 25. f3 Nd6 26. Rxb4 Ra7 27. Nb3 Rc7
28. Ne5 Nc4 29. Rxb5 Nxe5 30. dxe5 Rxc6 31. Rc5 Rxc5 32. Nxc5 g5 33. Kf2 Kf7
34. Ke3 Ke7 35. Kd4 Bd7 36. Nb3 Ba4 37. Nc1 Bc2 38. Ne2 Kd7 39. Ke3 Bg6 40. Nd4
Ke7 41. g4 h6 42. f4 gxf4+ 43. Kxf4 Kf7 44. h4 Ke7 45. h5 Bf7 46. Kg3 Kf8 47.
Kh4 Kg7 48. g5 hxg5+ 49. Kxg5 Bg8 50. Nb5 Bf7 51. Nd6 Bg8 52. Ne8+ Kf7 53. Nf6
Kg7 54. h6+ Kh8 55. Kf4 Bf7 56. Ke3 Bg6 57. Kd4 Bc2 58. Kc5 Bf5 59. Nxd5
1/2-1/2

[Event "1. Wolfgang-Schoebel-Gedenkturnier"]
[Site "Schoeneck"]
[Date "2017.12.28"]
[Round "2"]
[White "Ochs, Daniel Elias"]
[Black "Everett, Elijah"]
[Result "0-1"]
[WhiteElo "1614"]
[BlackElo "2189"]
[PlyCount "94"]
[EventDate "2017.12.27"]
[EventType "swiss"]
[EventRounds "7"]
[EventCountry "GER"]

1. d4 Nf6 2. Nf3 g6 3. g3 Bg7 4. Bg2 O-O 5. O-O d6 6. c4 Nc6 7. Nc3 a6 8. e4
Bg4 9. Be3 Nd7 10. h3 Bxf3 11. Bxf3 e5 12. d5 Nd4 13. Bg2 c5 14. dxc6 bxc6 15.
Ne2 Qb6 16. b3 a5 17. Rb1 Rfb8 18. Re1 a4 19. Kh1 axb3 20. axb3 Ra2 21. Nc3 Ra3
22. Ne2 c5 23. Nc1 Rb7 24. Kh2 Nb8 25. Qg4 Qc7 26. Qd1 Nbc6 27. h4 Na5 28. Bf1
Naxb3 29. Nxb3 Raxb3 30. Rxb3 Nxb3 31. Qd5 Nd4 32. Ra1 h5 33. Ra8+ Bf8 34. Kg2
Rb8 35. Ra6 Ne6 36. Bd2 Qe7 37. Bd3 Nc7 38. Qc6 Nxa6 39. Qxa6 Kh7 40. Be3 Bh6
41. Bxh6 Kxh6 42. Bc2 Rb2 43. Bd1 Kg7 44. Qa3 Qb7 45. Qd3 Ra2 46. Qxd6 Qxe4+
47. Bf3 Qd4 0-1

[Event "1. Wolfgang-Schoebel-Gedenkturnier"]
[Site "Schoeneck"]
[Date "2017.12.28"]
[Round "2"]
[White "Penzel, Frank"]
[Black "Poetsch, Hagen"]
[Result "0-1"]
[WhiteElo "2107"]
[BlackElo "2485"]
[PlyCount "66"]
[EventDate "2017.12.27"]
[EventType "swiss"]
[EventRounds "7"]
[EventCountry "GER"]

1. e4 c5 2. Nf3 Nf6 3. e5 Nd5 4. c4 Nb4 5. a3 N4c6 6. b3 g6 7. Bb2 Bg7 8. Qc2
O-O 9. Be2 Qc7 10. Qe4 Qb6 11. Qc2 d6 12. exd6 e5 13. Nc3 Nd4 14. Nxd4 exd4 15.
Nb5 a6 16. Nc7 Ra7 17. Nd5 Qxd6 18. d3 Be6 19. Bf3 Nd7 20. g3 Ne5 21. Bg2 Bf5
22. O-O-O b5 23. f4 Nc6 24. Kb1 Rb8 25. Ka2 a5 26. Rc1 a4 27. cxb5 axb3+ 28.
Qxb3 Be6 29. b6 Rd7 30. Qb5 Bxd5+ 31. Bxd5 Qxd5+ 32. Ka1 Bf8 33. a4 Nb4 0-1

[Event "1. Wolfgang-Schoebel-Gedenkturnier"]
[Site "Schoeneck"]
[Date "2017.12.28"]
[Round "2"]
[White "Penzel, Nils"]
[Black "Damljanovic, Sreten"]
[Result "1-0"]
[WhiteElo "2146"]
[BlackElo "1533"]
[PlyCount "87"]
[EventDate "2017.12.27"]
[EventType "swiss"]
[EventRounds "7"]
[EventCountry "GER"]

1. d4 d5 2. Nf3 Nf6 3. c4 c6 4. Qc2 g6 5. g3 Bg7 6. Bg2 O-O 7. O-O Na6 8. cxd5
Nb4 9. Qb3 Nbxd5 10. Nc3 Qb6 11. Qxb6 axb6 12. Ne5 Re8 13. Bd2 Nxc3 14. bxc3
Nd7 15. Nd3 e5 16. d5 cxd5 17. Bxd5 Nc5 18. Nxc5 bxc5 19. e4 Re7 20. Rfb1 Ra7
21. Bg5 Rd7 22. Rb5 Bf8 23. Bf6 Bg7 24. Bxg7 Kxg7 25. Rxc5 Rd8 26. Rc7 Rf8 27.
f3 Kf6 28. Rb1 Ra6 29. h4 Be6 30. Bxe6 Kxe6 31. Rbxb7 Kf6 32. Ra7 Rd6 33. c4
Rd3 34. Kf2 Rc3 35. c5 Rc2+ 36. Ke3 Rc3+ 37. Ke2 Rc2+ 38. Kd3 Rc1 39. g4 h6 40.
c6 Rh1 41. Ke3 Rxh4 42. Rxf7+ Rxf7 43. Rxf7+ Kxf7 44. c7 1-0

[Event "1. Wolfgang-Schoebel-Gedenkturnier"]
[Site "Schoeneck"]
[Date "2017.12.28"]
[Round "2"]
[White "Pomrehn, Ole Magnus"]
[Black "Dolzhykova, Kateryna"]
[Result "0-1"]
[WhiteElo "1535"]
[BlackElo "2238"]
[PlyCount "118"]
[EventDate "2017.12.27"]
[EventType "swiss"]
[EventRounds "7"]
[EventCountry "GER"]

1. d4 d6 2. Nf3 Nf6 3. c3 g6 4. Bg5 Bg7 5. Nbd2 O-O 6. e4 c5 7. dxc5 dxc5 8.
Bc4 Nc6 9. O-O h6 10. Bh4 Bg4 11. Qc2 Nh5 12. Rfe1 g5 13. Bg3 Nxg3 14. hxg3 Bh5
15. Re3 Bg6 16. Bd3 Rc8 17. a4 Nd4 18. Qd1 Ne6 19. Nc4 Qc7 20. Qb3 Rfd8 21. Rd1
Rd7 22. Bb1 Nd4 23. cxd4 cxd4 24. Ree1 Qxc4 25. Qxc4 Rxc4 26. b3 Rb4 27. Bc2
Rc7 28. Rd2 Rc6 29. Red1 Kh7 30. Kf1 a5 31. Ne1 d3 32. Nxd3 Rxe4 33. Nc1 Rb4
34. Bxg6+ Kxg6 35. Rd3 Rc2 36. R3d2 Rxd2 37. Rxd2 g4 38. Rc2 h5 39. Rc4 Rb6 40.
Rc5 Rd6 41. Ke2 b6 42. Rb5 Re6+ 43. Kd1 Rd6+ 44. Ke2 Bd4 45. Nd3 f5 46. Nf4+
Kg5 47. Rd5 Rxd5 48. Nxd5 e5 49. Nc7 Kf6 50. Ne8+ Kf7 51. Nd6+ Ke6 52. Ne8 e4
53. Nc7+ Kd6 54. Nb5+ Kc5 55. Nxd4 Kxd4 56. Kd2 Kd5 57. Kc3 f4 58. gxf4 h4 59.
f5 h3 0-1

[Event "1. Wolfgang-Schoebel-Gedenkturnier"]
[Site "Schoeneck"]
[Date "2017.12.28"]
[Round "2"]
[White "Rabiya, Karim"]
[Black "Froehlich Dill, Astrid"]
[Result "1-0"]
[WhiteElo "1890"]
[BlackElo "1817"]
[PlyCount "79"]
[EventDate "2017.12.27"]
[EventType "swiss"]
[EventRounds "7"]
[EventCountry "GER"]

1. e4 c5 2. Nf3 Nc6 3. d4 cxd4 4. Nxd4 e6 5. Nc3 a6 6. Be2 Qb6 7. Nxc6 Qxc6 8.
O-O Bb4 9. Qd4 Bxc3 10. bxc3 f6 11. Bh5+ g6 12. Bf3 e5 13. Qb4 a5 14. Qb3 b5
15. a4 Ba6 16. Rd1 Qc4 17. Bg4 Ra7 18. Rb1 Qxb3 19. Rxb3 Ne7 20. axb5 Bc8 21.
Ba3 Kf7 22. Be2 Rd8 23. Bc4+ Ke8 24. b6 Rb7 25. Rd6 f5 26. Rb5 Nc6 27. Rxc6
dxc6 28. Rxe5+ Be6 29. Rxe6+ Kd7 30. Re7+ Kc8 31. Be6+ Kb8 32. Bd6+ Ka8 33.
Rxb7 Kxb7 34. e5 Kxb6 35. Kf1 a4 36. f4 c5 37. Ke2 Kc6 38. Kd3 Ra8 39. Ba2 Rb8
40. Bxb8 1-0

[Event "1. Wolfgang-Schoebel-Gedenkturnier"]
[Site "Schoeneck"]
[Date "2017.12.28"]
[Round "3"]
[White "Casagrande, Thomas"]
[Black "Penzel, Frank"]
[Result "1-0"]
[WhiteElo "1951"]
[BlackElo "2107"]
[PlyCount "39"]
[EventDate "2017.12.27"]
[EventType "swiss"]
[EventRounds "7"]
[EventCountry "GER"]

1. e4 e5 2. Nf3 Nc6 3. Bb5 a6 4. Ba4 Bc5 5. O-O b5 6. Bb3 d6 7. c3 Qf6 8. d4
Bb6 9. Bd5 Bd7 10. Bg5 Qg6 11. dxe5 f6 12. e6 Nge7 13. exd7+ Kxd7 14. Bf4 h5
15. a4 Rab8 16. axb5 axb5 17. Bxc6+ Nxc6 18. Qd5 Rhd8 19. Nbd2 Qh7 20. h4 1-0